Statistics for 1,000 World Cities furthest from Larger City by Relative Proximity

Click here to take the quiz!

General Stats

  • This quiz has been taken 7,105 times
  • The average score is 943 of 1000

Answers on the Map

Answers color-coded by a green-red scale on the quiz's map according to % correct below.
 

Answer Stats

#LatLon Pop (k) Country D (km) City% Correct
4832.45-99.73 117 United States 228 Abilene
100%
2165.68-18.09 17 Iceland 249 Akureyri
100%
5362.476.15 44 Norway 235 Alesund
100%
4541.1116.86 277 Italy 221 Bari
100%
3331.62-2.22 143 Algeria 341 Bechar
100%
1344.8220.47 1,400 Serbia 316 Belgrade
100%
3243.26-2.93 354 Spain 245 Bilbao
100%
5214.04-83.39 33 Nicaragua 227 Bilwi
100%
3833.52-86.8 212 United States 225 Birmingham
100%
4646.81-100.78 61 United States 304 Bismarck
100%
5067.2814.41 34 Norway 323 Bodo
100%
3653.2534.37 427 Russia 238 Bryansk
100%
744.4326.1 2,200 Romania 439 Bucharest
100%
5339.239.12 149 Italy 283 Cagliari
100%
3521.38-77.92 347 Cuba 264 Camaguey
100%
2321.17-86.85 542 Mexico 288 Cancun
100%
735.2-80.83 2,275 United States 361 Charlotte
100%
639.16-84.46 2,725 United States 347 Cincinnati
100%
4646.7723.6 316 Romania 307 Cluj-Napoca
100%
1548.95-57.95 18 Canada 341 Corner Brook
100%
6749.78-92.75 8 Canada 251 Dryden
100%
4146.88-96.79 105 United States 335 Fargo
100%
3254.3518.65 461 Poland 244 Gdansk
100%
6623.52-75.79 7 Bahamas 232 George Town
100%
5719.29-81.37 29 United Kingdom 313 George Town
100%
3652.4330.98 480 Belarus 222 Gomel
100%
2757.7111.97 504 Sweden 228 Gothenburg
100%
4039.06-108.55 58 United States 296 Grand Junction
100%
2846.49-80.99 157 Canada 254 Greater Sudbury
100%
1444.65-63.57 359 Canada 641 Halifax
100%
2153.32-60.33 7 Canada 442 Happy Valley-Goose Bay
100%
423.13-82.36 2,225 Cuba 365 Havana
100%
4232.3-90.18 173 United States 224 Jackson
100%
1139.11-94.6 1,920 United States 382 Kansas City
100%
3635.96-83.92 178 United States 230 Knoxville
100%
5462.8927.68 89 Finland 237 Kuopio
100%
2652.95-66.91 10 Canada 307 Labrador City
100%
5560.15-1.15 22 United Kingdom 339 Lerwick
100%
3933.58-101.86 229 United States 433 Lubbock
100%
2649.8424.02 717 Ukraine 294 Lviv
100%
5346.54-87.4 21 United States 230 Marquette
100%
1635.12-90 1,150 United States 314 Memphis
100%
445.5-73.58 4,100 Canada 405 Montréal
100%
3547.22-1.55 277 France 273 Nantes
100%
1536.17-86.78 1,360 United States 338 Nashville
100%
4325.06-77.34 227 Bahamas 297 Nassau
100%
1430-90.04 1,010 United States 512 New Orleans
100%
1846.4930.71 1,110 Ukraine 391 Odessa
100%
2035.47-97.52 1,090 United States 300 Oklahoma City
100%
3141.26-95.94 408 United States 264 Omaha
100%
4665.0125.47 128 Finland 400 Oulu
100%
2138.1313.34 648 Italy 310 Palermo
100%
3761.7834.35 265 Russia 291 Petrozavodsk
100%
1446.81-71.21 528 Canada 233 Quebec
100%
4744.08-103.23 67 United States 417 Rapid City
100%
5333.39-104.52 48 United States 242 Roswell
100%
2251.23-58.65 3 Canada 245 Saint-Augustin
100%
4632.38-64.68 1 United Kingdom 1,083 Saint George's
100%
947.56-52.71 99 Canada 591 Saint John's
100%
838.64-90.24 2,350 United States 413 Saint Louis
100%
1946.78-56.18 6 France 238 Saint-Pierre
100%
4322.4-79.97 250 Cuba 240 Santa Clara
100%
1920.02-75.82 555 Cuba 245 Santiago de Cuba
100%
3446.52-84.33 74 Canada 256 Sault Ste. Marie
100%
3932.53-93.75 199 United States 274 Shreveport
100%
4043.55-96.7 153 United States 262 Sioux Falls
100%
1442.6823.32 1,330 Bulgaria 297 Sofia
100%
4237.22-93.3 159 United States 230 Springfield
100%
1446.14-60.18 105 Canada 312 Sydney
100%
4230.44-84.28 181 United States 234 Tallahassee
100%
327.95-82.46 4,025 United States 326 Tampa
100%
2235.48.12 634 Algeria 231 Tebessa
100%
5853.83-101.25 6 Canada 301 The Pas
100%
4555.74-97.86 12 Canada 585 Thompson
100%
3248.38-89.25 99 Canada 439 Thunder Bay
100%
4529.260.23 49 Algeria 351 Timimoun
100%
3448.47-81.33 42 Canada 221 Timmins
100%
4662.01-6.77 13 Denmark 366 Torshavn
100%
1132.8913.18 1,110 Libya 513 Tripoli
100%
4469.6518.96 52 Norway 561 Tromso
100%
5763.8320.26 74 Sweden 272 Umea
100%
3948.1-77.78 31 Canada 235 Val-d'Or
100%
1036.85-75.98 1,610 United States 244 Virginia Beach
100%
1849.88-97.15 632 Canada 619 Winnipeg
100%
2645.8115.98 800 Croatia 266 Zagreb
100%
9222.3531.62 5 Egypt 233 Abu Sunbul
99%
1016.86-99.89 652 Mexico 237 Acapulco
99%
2511.7934.36 186 Sudan 238 Ad-Damazin
99%
530.44-9.62 1,090 Morocco 398 Agadir
99%
323.0372.58 7,450 India 445 Ahmedabad
99%
6143.6551.17 147 Kazakhstan 306 Aktau
99%
2135.08-106.65 545 United States 366 Albuquerque
99%
736.2337.17 2,125 Syria 313 Aleppo
99%
15-23.7133.88 25 Australia 1,284 Alice Springs
99%
5524.223.29 46 Libya 746 Al Jawf
99%
34-3.2-52.21 70 Brazil 288 Altamira
99%
3147.8588.13 139 China 426 Altay
99%
6011.0320.28 28 Chad 294 Am Timan
99%
15-23.65-70.4 309 Chile 521 Antofagasta
99%
8921.8417.43 1 Chad 446 Aozou
99%
3950.2857.21 262 Kazakhstan 222 Aqtobe
99%
6718.9-3.53 4 Mali 242 Araouane
99%
4730.9841.04 148 Saudi Arabia 332 'Ar'ar
99%
5-16.4-71.54 841 Peru 361 Arequipa
99%
69-9.17-60.63 26 Brazil 238 Aripuana
99%
6950.2566.92 42 Kazakhstan 281 Arkalyk
99%
1864.5440.54 356 Russia 729 Arkhangel'sk
99%
1315.3438.93 563 Eritrea 436 Asmara
99%
6620.4645.58 24 Saudi Arabia 314 As Sulayyil
99%
2846.3548.04 502 Russia 374 Astrakhan'
99%
3-25.3-57.64 2,200 Paraguay 825 Asunción
99%
4220.52-13.05 24 Mauritania 251 Atar
99%
3917.733.99 107 Sudan 278 Atbara
99%
133.83-84.4 5,500 United States 869 Atlanta
99%
5747.1251.88 180 Kazakhstan 305 Atyrau
99%
5656.46138.18 1 Russia 265 Ayan
99%
2911.5937.39 168 Ethiopia 309 Bahir Dar
99%
640.449.86 2,450 Azerbaijan 541 Baku
99%
9-1.24116.89 700 Indonesia 514 Balikpapan
99%
7539.5154.37 87 Turkmenistan 260 Balkanabat
99%
30-7.53-46.04 68 Brazil 242 Balsas
99%
325.5695.32 250 Indonesia 429 Banda Aceh
99%
3327.1956.28 352 Iran 222 Bandar 'Abbas
99%
13-3.32114.59 572 Indonesia 344 Banjarmasin
99%
1240.65109.82 2,150 China 387 Baotou
99%
1510.13-64.7 424 Venezuela 241 Barcelona
99%
241.382.18 4,650 Spain 506 Barcelona
99%
71-0.97-62.92 7 Brazil 329 Barcelos
99%
48-15.89-52.26 52 Brazil 227 Barra do Garcas
99%
23-12.15-44.99 158 Brazil 425 Barreiras
99%
6246.68113.28 15 Mongolia 316 Baruun-Urt
99%
5013.1103.2 150 Cambodia 238 Battambang
99%
11-19.8434.84 530 Mozambique 449 Beira
99%
1832.1120.07 650 Libya 652 Benghazi
99%
3560.395.32 213 Norway 305 Bergen
99%
252.5213.4 4,500 Germany 450 Berlin
99%
1221.2281.43 2,550 India 243 Bhilai
99%
1520.2785.83 1,730 India 357 Bhubaneswar
99%
3545.78-108.5 104 United States 593 Billings
99%
8318.6912.92 2 Niger 491 Bilma
99%
8710.2822.79 10 Central African Republic 286 Birao
99%
4732.8759.22 196 Iran 321 Birjand
99%
2950.28127.54 221 Russia 234 Blagoveshchensk
99%
7-29.1226.21 463 South Africa 319 Bloemfontein
99%
212.82-60.67 235 Brazil 649 Boa Vista
99%
2643.61-116.2 145 United States 459 Boise
99%
1544.85-0.6 1,010 France 437 Bordeaux
99%
142.33-71.07 7,350 United States 299 Boston
99%
2-15.78-47.92 3,825 Brazil 623 Brasília
99%
13-31.96141.46 18 Australia 255 Broken Hill
99%
647.519.08 2,575 Hungary 690 Budapest
99%
11-20.1528.58 699 Zimbabwe 365 Bulawayo
99%
7-24.87152.35 70 Australia 294 Bundaberg
99%
2526.3343.97 391 Saudi Arabia 330 Buraydah
99%
635.1129.01 4,275 South Korea 328 Busan
99%
551.08-114.08 1,420 Canada 675 Calgary
99%
11-20.44-54.65 729 Brazil 619 Campo Grande
99%
4-35.28149.13 367 Australia 241 Canberra
99%
54-4.88-66.9 18 Brazil 296 Carauari
99%
4542.87-106.31 55 United States 228 Casper
99%
26-32.12133.68 1 Australia 336 Ceduna
99%
1330.7276.78 2,025 India 231 Chandigarh
99%
743.87125.34 3,700 China 233 Changchun
99%
828.2112.97 4,450 China 292 Changsha
99%
4351.13133.01 14 Russia 259 Chegdomyn
99%
4518.51-88.3 134 Mexico 276 Chetumal
99%
5818.7998.98 200 Thailand 292 Chiang Mai
99%
1428.64-106.09 809 Mexico 340 Chihuahua
99%
2552.03113.5 308 Russia 405 Chita
99%
3241.8129.78 327 North Korea 225 Chongjin
99%
5754.72135.32 1 Russia 267 Chumikan
99%
18-25.51-54.61 320 Paraguay 305 Ciudad del Este
99%
931.69-106.49 1,440 Mexico 562 Ciudad Juárez
99%
43-4.09-63.14 50 Brazil 293 Coari
99%
19-31.5145.84 4 Australia 241 Cobar
99%
7-17.41-66.17 1,200 Bolivia 233 Cochabamba
99%
91176.95 2,450 India 227 Coimbatore
99%
25-31.39-58.02 145 Argentina 240 Concordia
99%
28-29.01134.75 1 Australia 268 Coober Pedy
99%
955.6812.56 1,610 Denmark 289 Copenhagen
99%
19-27.37-70.33 129 Chile 295 Copiapo
99%
14-29.95-71.34 161 Chile 320 Coquimbo
99%
4-31.4-64.18 1,620 Argentina 646 Córdoba
99%
32-19.01-57.65 96 Brazil 352 Corumba
99%
31-7.63-72.67 79 Brazil 223 Cruzeiro do Sul
99%
16-15.6-56.1 521 Brazil 557 Cuiaba
99%
1424.81-107.4 582 Mexico 409 Culiacan
99%
3-25.42-49.32 3,275 Brazil 342 Curitiba
99%
2323.68-15.96 75 Morocco 474 Dakhla
99%
838.92121.63 4,500 China 334 Dalian
99%
826.4350.1 2,375 Saudi Arabia 387 Dammam
99%
2816.07108.22 752 Vietnam 493 Da Nang
99%
338.43-82.43 82 Panama 246 David
99%
4335.3440.14 242 Syria 236 Deir ez-Zor
99%
239.74-104.98 3,525 United States 934 Denver
99%
2911.1339.63 136 Ethiopia 250 Dese
99%
342.33-83.08 5,700 United States 334 Detroit
99%
2337.9240.22 644 Turkey 267 Diyarbakir
99%
1411.5943.15 623 Djibouti 432 Djibouti
99%
84837.83 1,470 Ukraine 250 Donetsk
99%
425.2355.28 3,925 United Arab Emirates 855 Dubai
99%
653.33-6.25 1,330 Ireland 221 Dublin
99%
1738.5468.78 679 Tajikistan 305 Dushanbe
99%
6-33.0227.91 478 South Africa 239 East London
99%
553.55-113.5 1,270 Canada 277 Edmonton
99%
56-6.66-69.87 17 Brazil 268 Eirunepe
99%
2027.16-13.2 196 Morocco 241 El Aaiún
99%
4049.03104.08 79 Mongolia 241 Erdenet
99%
3539.9141.28 420 Turkey 239 Erzurum
99%
6517.1821.59 23 Chad 379 Fada
99%
7217.9319.1 13 Chad 276 Faya-Largeau
99%
4327.94109.6 370 China 237 Fenghuang
99%
76-22.35-60.03 8 Paraguay 233 Filadelfia
99%
2114.61-61.07 89 France 229 Fort-de-France
99%
2132.63-16.9 100 Portugal 463 Funchal
99%
15-24.6525.91 208 Botswana 245 Gaborone
99%
2313.4522.45 162 Sudan 314 Geneina
99%
9-33.9622.46 174 South Africa 272 George
99%
125.41100.33 1,550 Malaysia 275 George Town
99%
7330.139.5 7 Libya 238 Ghadamis
99%
54-21.5721.78 9 Botswana 244 Ghanzi
99%
6224.9610.17 24 Libya 317 Ghat
99%
3143.54-5.66 277 Spain 222 Gijon
99%
355.87-4.25 1,620 United Kingdom 284 Glasgow
99%
19-18.85-41.95 250 Brazil 222 Governador Valadares
99%
2155.17-118.8 41 Canada 291 Grande Prairie
99%
46-19.5718.12 24 Namibia 250 Grootfontein
99%
34-14.22-42.78 58 Brazil 221 Guanambi
99%
1426.58106.72 2,875 China 331 Guiyang
99%
2226.1691.77 1,060 India 302 Guwahati
99%
5712.6554.02 8 Yemen 333 Hadibu
99%
1520.05110.32 1,800 China 370 Haikou
99%
3349.2119.7 211 China 366 Hailar
99%
653.5510 2,750 Germany 255 Hamburg
99%
4342.8393.51 137 China 354 Hami
99%
921.03105.85 2,950 Vietnam 322 Hanoi
99%
445.75126.65 5,150 China 508 Harbin
99%
3027.5241.69 267 Saudi Arabia 262 Hayil
99%
8019.9656.28 1 Oman 297 Hayma'
99%
1947.35130.3 743 China 331 Hegang
99%
860.1824.93 1,230 Finland 300 Helsinki
99%
6035.3325.14 137 Greece 320 Heraklion
99%
4034.3562.2 272 Afghanistan 320 Herat
99%
1529.1-110.98 595 Mexico 479 Hermosillo
99%
4537.1179.94 114 China 395 Hotan
99%
6444.67102.17 27 Mongolia 506 Hovd
99%
15-12.7815.74 226 Angola 395 Huambo
99%
22-9.93-76.24 147 Peru 248 Huanuco
99%
1615.3675.13 1,050 India 372 Hubli
99%
57-2421.78 4 Botswana 237 Hukuntsi
99%
3843.47-112.03 56 United States 249 Idaho Falls
99%
8026.488.47 6 Algeria 240 Illizi
99%
16-5.53-47.49 218 Brazil 463 Imperatriz
99%
1222.7275.87 2,775 India 338 Indore
99%
71-23.9-61.85 10 Argentina 241 Ingeniero Guillermo N. Juarez
99%
4527.192.46 49 Algeria 317 In Salah
99%
1663.75-68.51 6 Canada 821 Iqaluit
99%
21-20.22-70.14 227 Chile 244 Iquique
99%
5227.260.68 131 Iran 254 Iranshahr
99%
30-11.3-41.86 63 Brazil 257 Irece
99%
632.751.7 2,750 Iran 330 Isfahan
99%
5524.34124.16 44 Japan 247 Ishigaki
99%
44-4.28-55.98 64 Brazil 247 Itaituba
99%
1256.8553.2 631 Russia 223 Izhevsk
99%
538.4427.15 2,950 Turkey 303 Izmir
99%
1723.1879.96 1,390 India 239 Jabalpur
99%
95-6.22-57.75 1 Brazil 287 Jacareacanga
99%
3450.42124.12 135 China 244 Jagdaqi
99%
726.9275.81 3,525 India 239 Jaipur
99%
1822.7986.2 1,540 India 221 Jamshedpur
99%
37-17.88-51.71 76 Brazil 266 Jatai
99%
5239.8198.29 122 China 367 Jiayuguan
99%
1036.67117 3,950 China 273 Jinan
99%
6721.99100.73 62 China 248 Jinghong
99%
35-10.89-61.95 107 Brazil 317 Ji Parana
99%
1726.2973.02 1,320 India 286 Jodhpur
99%
15-7.21-39.32 225 Brazil 379 Juazeiro do Norte
99%
534.5269.18 3,725 Afghanistan 370 Kabul
99%
3811.0229.72 87 Sudan 232 Kadugli
99%
2134.3847.06 766 Iran 271 Kahriz
99%
1222.63120.27 2,800 Taiwan 297 Kaohsiung
99%
1449.8373.17 451 Kazakhstan 574 Karagandy
99%
3639.4575.98 274 China 343 Kashi
99%
1715.4536.4 401 Sudan 272 Kassala
99%
827.7285.32 2,775 Nepal 446 Kathmandu
99%
950.2619.02 2,375 Poland 307 Katowice
99%
3910.5772.64 10 India 326 Kavaratti
99%
655.7549.13 1,220 Russia 292 Kazan
99%
33-26.5818.13 15 Namibia 371 Keetmanshoop
99%
2430.2857.08 577 Iran 441 Kerman
99%
1748.48135.08 579 Russia 359 Khabarovsk
99%
1818.342.73 387 Saudi Arabia 361 Khamis Mushait
99%
7128.5865.42 30 Pakistan 235 Kharan
99%
85036.25 1,650 Ukraine 411 Kharkiv
99%
5448.0191.64 30 Mongolia 262 Khovd
99%
6418.441.41 11 Mali 285 Kidal
99%
250.4330.52 3,375 Ukraine 758 Kiev
99%
20-29.05167.97 - Australia 709 Kingston
99%
1318-76.79 937 Jamaica 475 Kingston
99%
1858.649.66 457 Russia 287 Kirov
99%
1950.55137.01 275 Russia 268 Komsomolsk-on-Amur
99%
1137.8832.48 1,210 Turkey 230 Konya
99%
3553.2163.62 210 Kazakhstan 258 Kostanay
99%
126.13102.24 1,459 Malaysia 225 Kota Bharu
99%
235.97116.07 457 Malaysia 671 Kota Kinabalu
99%
6161.2646.65 59 Russia 226 Kotlas
99%
2445.0438.98 649 Russia 249 Krasnodar
99%
121.55110.33 570 Malaysia 702 Kuching
99%
316.6273.07 9 Maldives 274 Kulhudhuffushi
99%
925.07102.68 3,950 China 630 Kunming
99%
7118.5531.85 19 Sudan 232 Kuraymah
99%
3144.8565.51 300 Kazakhstan 435 Kyzylorda
99%
936.06103.79 2,850 China 505 Lanzhou
99%
2524.14-110.31 171 Mexico 225 La Paz
99%
1028.1-15.41 381 Spain 619 Las Palmas de Gran Canaria
99%
436.21-115.22 2,075 United States 365 Las Vegas
99%
6634.1777.58 37 India 229 Leh
99%
45-4.22-69.94 29 Colombia 371 Leticia
99%
6029.6591.1 118 China 353 Lhasa
99%
2326.87100.22 1,137 China 316 Lijiang
99%
438.72-9.14 2,600 Portugal 504 Lisbon
99%
24-17.8425.85 109 Zambia 373 Livingstone
99%
16-12.3613.54 207 Angola 243 Lobito
99%
051.5-0.12 14,400 United Kingdom 2,508 London
99%
14-23.31-51.16 471 Brazil 299 Londrina
99%
22-14.9213.49 102 Angola 259 Lubango
99%
626.8680.91 3,325 India 415 Lucknow
99%
32-26.6515.16 15 Namibia 296 Luderitz
99%
64-11.7819.92 21 Angola 240 Luena
99%
2125.732.64 422 Egypt 473 Luxor
99%
845.774.83 1,930 France 342 Lyon
99%
9-21.15149.17 74 Australia 323 Mackay
99%
2353.4259.05 413 Russia 247 Magnitogorsk
99%
2942.9847.5 497 Russia 262 Makhachkala
99%
279.5331.66 160 South Sudan 386 Malakal
99%
512.15-86.27 1,340 Nicaragua 342 Managua
99%
1821.9796.09 1,400 Myanmar 443 Mandalay
99%
6945.76106.27 15 Mongolia 222 Mandalgovi
99%
72-5.81-61.3 14 Brazil 268 Manicore
99%
6414.1215.31 18 Chad 223 Mao
99%
10-38-57.56 553 Argentina 343 Mar del Plata
99%
1043.295.38 1,640 France 269 Marseille
99%
6337.5961.83 114 Turkmenistan 224 Mary
99%
436.2759.57 3,075 Iran 737 Mashhad
99%
33-19.9823.42 49 Botswana 349 Maun
99%
3336.7167.11 303 Afghanistan 250 Mazar-e Sharif
99%
824.539.58 1,340 Saudi Arabia 332 Medina
99%
45-14.6617.69 32 Angola 264 Menongue
99%
1320.97-89.62 1,070 Mexico 627 Mérida
99%
7531.3527.24 62 Egypt 258 Mersa Matruh
99%
245.479.21 5,150 Italy 643 Milan
99%
9-34.19142.16 30 Australia 327 Mildura
99%
244.98-93.25 3,050 United States 566 Minneapolis
99%
653.927.57 1,960 Belarus 435 Minsk
99%
304.41114.01 228 Malaysia 286 Miri
99%
3146.87-113.99 66 United States 261 Missoula
99%
651.2-70.17 5 Colombia 314 Mitu
99%
5653.73119.77 12 Russia 289 Mogocha
99%
37-15.2523.13 52 Zambia 408 Mongu
99%
18-16.74-43.86 332 Brazil 336 Montes Claros
99%
1036.3543.15 1,470 Iraq 340 Mosul
99%
14-20.73139.5 22 Australia 665 Mount Isa
99%
2544.58129.6 665 China 256 Mudanjiang
99%
9238.1773.97 10 Tajikistan 225 Murghob
99%
1468.9833.09 319 Russia 593 Murmansk
99%
1223.6158.59 1,180 Oman 380 Muscat
99%
4412.4498.6 173 Myanmar 251 Myeik
99%
6625.3997.39 90 Myanmar 273 Myitkyina
99%
1121.1779.09 3,025 India 422 Nagpur
99%
2026.21127.67 1,190 Japan 626 Naha
99%
1228.68115.88 3,675 China 262 Nanchang
99%
532.05118.78 6,850 China 239 Nanjing
99%
1022.82108.32 3,200 China 514 Nanning
99%
6167.6453 18 Russia 270 Nar'yan-Mar
99%
2219.7596.13 925 Myanmar 246 Naypyidaw
99%
4628.37129.48 41 Japan 247 Naze
99%
040.75-73.98 22,000 United States 3,360 New York
99%
3812.25109.19 283 Vietnam 296 Nha Trang
99%
2953.15140.72 27 Russia 385 Nikolayevsk-on-Amur
99%
456.3344 1,760 Russia 402 Nizhny Novgorod
99%
2266.0876.63 94 Russia 327 Novyy Urengoy
99%
2763.1975.44 110 Russia 240 Noyabrsk
99%
4442.4559.61 230 Uzbekistan 502 Nukus
99%
5162.1465.39 52 Russia 229 Nyagan
99%
2417.07-96.72 262 Mexico 241 Oaxaca
99%
4170.92-8.72 - Norway 647 Olonkinbyen
99%
5351.2351.37 200 Kazakhstan 233 Oral
99%
835.71-0.62 1,340 Algeria 350 Oran
99%
2051.7755.1 550 Russia 335 Orenburg
99%
35-17.7815.68 33 Namibia 394 Oshakati
99%
1159.9210.75 1,140 Norway 419 Oslo
99%
21-10.17-48.33 196 Brazil 521 Palmas
99%
58.97-79.53 1,460 Panama 511 Panama City
99%
148.872.33 11,200 France 341 Paris
99%
1125.6285.13 2,475 India 232 Patna
99%
5165.1557.22 46 Russia 245 Pechora
99%
45856.25 1,100 Russia 290 Perm
99%
15-9.4-40.5 194 Brazil 274 Petrolina
99%
2954.8769.14 200 Kazakhstan 251 Petropavlov
99%
27-7.08-41.47 57 Brazil 227 Picos
99%
67-15.23-59.34 29 Brazil 232 Pontes e Lacerda
99%
218.54-72.34 2,850 Haiti 257 Port-au-Prince
99%
4811.6792.75 112 India 604 Port Blair
99%
3-33.9725.6 1,210 South Africa 662 Port Elizabeth
99%
345.52-122.68 2,275 United States 229 Portland
99%
12-34.73135.87 13 Australia 244 Port Lincoln
99%
941.15-8.62 1,190 Portugal 273 Porto
99%
3-30.05-51.2 4,075 Brazil 844 Porto Alegre
99%
19-8.76-63.9 306 Brazil 759 Porto Velho
99%
1919.6237.22 489 Sudan 296 Port Sudan
99%
19-27.37-55.9 312 Argentina 242 Posadas
99%
1250.0814.47 1,470 Czech Republic 251 Prague
99%
1553.92-122.75 65 Canada 397 Prince George
99%
375.66-67.62 52 Venezuela 246 Puerto Ayacucho
99%
30-0.74-90.31 8 Ecuador 1,054 Puerto Ayora
99%
359.74118.74 222 Philippines 432 Puerto Princesa
99%
6431.1397.18 86 China 440 Qamdo
99%
8848.0170.79 13 Kazakhstan 227 Qarazhal
99%
536.09120.33 5,700 China 436 Qingdao
99%
1830.2267.02 1,180 Pakistan 426 Quetta
99%
433.673.04 3,850 Pakistan 242 Rawalpindi
99%
2340.59-122.39 89 United States 224 Redding
99%
2850.45-104.62 176 Canada 232 Regina
99%
14-27.46-58.98 387 Argentina 274 Resistencia
99%
1164.14-21.9 118 Iceland 1,325 Reykjavik
99%
40-11.01-66.06 74 Bolivia 222 Riberalta
99%
2056.9524.11 742 Latvia 362 Riga
99%
18-9.97-67.81 257 Brazil 449 Rio Branco
99%
10-23.38150.51 61 Australia 249 Rockhampton
99%
23-26.57148.79 5 Australia 255 Roma
99%
6-32.95-60.67 1,340 Argentina 278 Rosario
99%
21-30.56136.9 4 Australia 228 Roxby Downs
99%
32-17.9319.77 58 Namibia 583 Rundu
99%
3727.0414.43 130 Libya 595 Sabha
99%
15-24.79-65.41 512 Argentina 226 Salta
99%
553.250.15 1,320 Russia 527 Samara
99%
4241.2936.33 394 Turkey 292 Samsun
99%
4212.58-81.7 58 Colombia 321 San Andres
99%
629.49-98.51 2,050 United States 308 San Antonio
99%
215.84118.12 392 Malaysia 226 Sandakan
99%
29.94-84.08 1,840 Costa Rica 871 San José
99%
10-26.82-65.22 781 Argentina 517 San Miguel de Tucuman
99%
615.5-88.03 1,110 Honduras 234 San Pedro Sula
99%
4-17.75-63.23 1,860 Bolivia 542 Santa Cruz
99%
21-29.68-53.81 249 Brazil 251 Santa Maria
99%
19-2.44-54.71 189 Brazil 489 Santarem
99%
65-6.64-52 16 Brazil 339 Sao Felix do Xingu
99%
59-0.13-67.09 15 Brazil 285 Sao Gabriel da Cachoeira
99%
543.07141.34 2,500 Japan 831 Sapporo
99%
1051.5846.03 1,090 Russia 333 Saratov
99%
2352.12-106.63 198 Canada 487 Saskatoon
99%
6544.88110.12 19 Mongolia 417 Saynshand
99%
838.29141.02 1,490 Japan 310 Sendai
99%
4244.5933.52 379 Ukraine 289 Sevastopol
99%
737.41-5.98 1,320 Spain 313 Seville
99%
70-18.3721.84 5 Botswana 224 Shakawe
99%
8058.3745.52 29 Russia 225 Shar'ya
99%
541.8123.45 7,650 China 560 Shenyang
99%
3926.7188.43 515 India 259 Shiliguri
99%
1329.6352.57 1,710 Iran 350 Shiraz
99%
1917.6775.9 1,030 India 236 Sholapur
99%
30-11.86-55.5 116 Brazil 417 Sinop
99%
8729.225.52 7 Egypt 286 Siwa Oasis
99%
2848.97140.29 29 Russia 251 Sovetskaya Gavan'
99%
1647.66-117.43 208 United States 368 Spokane
99%
31-29.6617.89 10 South Africa 229 Springbok
99%
4345.0441.97 363 Russia 236 Stavropol'
99%
559.3518.1 2,075 Sweden 691 Stockholm
99%
3527.7168.86 417 Pakistan 260 Sukkur
99%
439.1499.33 127 Thailand 267 Surat Thani
99%
1461.2573.42 300 Russia 640 Surgut
99%
2861.6850.81 230 Russia 349 Syktyvkar
99%
7933.656.92 49 Iran 228 Tabas
99%
1038.0946.3 1,620 Iran 400 Tabriz
99%
2428.436.57 455 Saudi Arabia 395 Tabuk
99%
17-18.01-70.25 280 Peru 224 Tacna
99%
737.88112.55 4,200 China 360 Taiyuan
99%
3722.795.52 73 Algeria 689 Tamanrasset
99%
46-12.73-69.18 38 Peru 314 Tambopata
99%
2922.28-97.87 309 Mexico 255 Tampico
99%
7322.67-3.98 3 Mali 420 Taoudenni
99%
24-21.54-64.73 159 Bolivia 282 Tarija
99%
541.3169.29 2,650 Uzbekistan 754 Tashkent
99%
36-19.65134.19 3 Australia 449 Tennant Creek
99%
9-5.1-42.78 1,010 Brazil 329 Teresina
99%
2154.52-128.6 19 Canada 387 Terrace
99%
251.537.04 5,600 Germany 447 The Ruhr
99%
3727.67-8.15 45 Algeria 237 Tindouf
99%
5332.0823.98 121 Libya 368 Tobruk
99%
10849.6363.5 5 Kazakhstan 230 Torghay
99%
143.7-79.42 7,100 Canada 541 Toronto
99%
925.57-103.42 1,300 Mexico 310 Torreón
99%
38-14.83-64.9 84 Bolivia 313 Trinidad
99%
3963.4310.4 147 Norway 392 Trondheim
99%
536.810.18 2,500 Tunisia 570 Tunis
99%
602663.04 75 Pakistan 269 Turbat
99%
2016.75-93.11 481 Mexico 363 Tuxtla Gutierrez
99%
1057.1565.53 519 Russia 300 Tyumen
99%
12-18.92-48.28 563 Brazil 254 Uberlandia
99%
5315.24104.85 122 Thailand 233 Ubon Ratchathani
99%
5317.42102.79 247 Thailand 462 Udon Thani
99%
454.7956.04 1,120 Russia 348 Ufa
99%
3863.5753.68 102 Russia 257 Ukhta
99%
947.92106.92 1,300 Mongolia 839 Ulaanbaatar
99%
19-28.4521.26 71 South Africa 344 Upington
99%
6060.1364.79 39 Russia 226 Uray
99%
8065.4452.15 5 Russia 221 Ust-Tsilma
99%
639.49-0.4 1,930 Spain 298 Valencia
99%
1316.5280.63 1,760 India 248 Vijayawada
99%
47-12.74-60.15 63 Brazil 284 Vilhena
99%
1317.7383.3 1,980 India 433 Vishakhapatnam
99%
4-20.32-40.37 1,790 Brazil 373 Vitória
99%
18-14.87-40.84 253 Brazil 327 Vitória da Conquista
99%
2743.11131.87 587 Russia 245 Vladivostok
99%
548.7144.5 1,410 Russia 500 Volgograd
99%
3167.564.05 80 Russia 574 Vorkuta
99%
1151.7339.27 1,040 Russia 286 Voronezh
99%
6729.1616.14 27 Libya 231 Waddan
99%
22-22.9614.51 52 Namibia 268 Walvis Bay
99%
652.2521 2,275 Poland 260 Warsaw
99%
138.9-77.01 8,350 United States 330 Washington
99%
327.728 127 South Sudan 451 Wau
99%
4123.36104.25 450 China 242 Wenshan City
99%
828.02120.65 5,900 China 251 Wenzhou
99%
11-22.5617.08 268 Namibia 1,141 Windhoek
99%
2432.02112.13 1,560 China 258 Xiangyang
99%
4843.97116.03 120 China 303 Xilin Hot
99%
2034.28117.18 2,550 China 266 Xuzhou
99%
1457.6339.87 606 Russia 250 Yaroslavl
99%
2831.954.37 477 Iran 266 Yazd
99%
256.8560.6 1,600 Russia 1,018 Yekaterinburg
99%
940.1844.51 1,480 Armenia 279 Yerevan
99%
2038.47106.27 1,530 China 346 Yinchuan
99%
1846.95142.74 176 Russia 354 Yuzhno-Sakhalinsk
99%
2829.560.86 551 Iran 375 Zahedan
99%
186.91122.07 457 Philippines 263 Zamboanga
99%
2141.66-0.88 674 Spain 244 Zaragoza
99%
3953.74127.26 26 Russia 227 Zeya
99%
734.75113.67 4,675 China 441 Zhengzhou
99%
5447.7867.77 104 Kazakhstan 369 Zhezqazghan
99%
3522.72-12.45 38 Mauritania 374 Zouerat
99%
1753.7291.43 167 Russia 271 Abakan
98%
2-34.93138.6 1,300 Australia 655 Adelaide
98%
2416.977.99 124 Niger 366 Agadez
98%
3358.61125.4 24 Russia 221 Aldan
98%
6316.2152.18 10 Yemen 223 Al Ghayzah
98%
443.3276.92 1,770 Kazakhstan 666 Almaty
98%
2014.5449.12 258 Yemen 483 Al Mukalla
98%
8-3.7128.18 355 Indonesia 682 Ambon
98%
239.9332.86 4,675 Turkey 351 Ankara
98%
237.9823.73 3,425 Greece 570 Athens
98%
6447.9680.43 33 Kazakhstan 274 Ayagoz
98%
10-38.72-62.27 276 Argentina 419 Bahia Blanca
98%
4746.8575 81 Kazakhstan 305 Balkhash
98%
26-3.3217.38 118 Democratic Republic of the Congo 248 Bandundu
98%
2-19.92-43.92 4,925 Brazil 340 Belo Horizonte
98%
15-3.8102.27 309 Indonesia 285 Bengkulu
98%
364.2615.79 61 Central African Republic 236 Berberati
98%
13-15.7835.01 584 Malawi 239 Blantyre
98%
5157.85114.19 15 Russia 322 Bodaybo
98%
63-0.2820.88 32 Democratic Republic of the Congo 278 Boende
98%
3311.2849.18 74 Somalia 360 Bosaso
98%
1856.13101.61 256 Russia 461 Bratsk
98%
2013.1-59.62 98 Barbados 339 Bridgetown
98%
20-17.96122.24 12 Australia 462 Broome
98%
77.13-73.13 1,130 Colombia 286 Bucaramanga
98%
302.1922.47 95 Democratic Republic of the Congo 322 Bumba
98%
522.7924.73 50 Democratic Republic of the Congo 256 Buta
98%
5-16.92145.77 153 Australia 281 Cairns
98%
16-24.88113.66 7 Australia 442 Carnarvon
98%
234.93-52.33 61 France 330 Cayenne
98%
4-43.53172.63 363 New Zealand 305 Christchurch
98%
19-45.58-72.07 45 Chile 357 Coihaique
98%
8-45.86-67.5 140 Argentina 656 Comodoro Rivadavia
98%
13-13.52-71.97 312 Peru 321 Cusco
98%
333.536.3 3,475 Syria 612 Damascus
98%
3-8.65115.22 1,500 Indonesia 313 Denpasar
98%
189.5941.87 252 Ethiopia 241 Dire Dawa
98%
22-6.1735.74 180 Tanzania 224 Dodoma
98%
5-45.87170.5 114 New Zealand 310 Dunedin
98%
1911.4626.13 264 Sudan 484 El Daein
98%
1913.6325.35 252 Sudan 254 El Fasher
98%
1313.1830.22 393 Sudan 361 El Obeid
98%
34-10.42105.68 - Australia 391 Flying Fish Cove
98%
306.7747.43 61 Somalia 369 Gaalkacyo
98%
528.2534.58 42 Ethiopia 256 Gambela
98%
3116.27-0.04 87 Mali 383 Gao
98%
176.8-58.16 235 Guyana 521 Georgetown
98%
240.54123.06 144 Indonesia 224 Gorontalo
98%
120.67-103.33 4,975 Mexico 459 Guadalajara
98%
114.62-90.53 3,000 Guatemala 1,059 Guatemala City
98%
3-2.22-79.92 3,000 Ecuador 994 Guayaquil
98%
129.5644.07 477 Somalia 245 Hargeisa
98%
5-42.88147.33 216 Australia 582 Hobart
98%
229.82-95.34 6,200 United States 361 Houston
98%
16-14.07-75.73 246 Peru 228 Ica
98%
13-3.75-73.25 437 Peru 702 Iquitos
98%
1652.3104.3 586 Russia 522 Irkutsk
98%
19-19.55169.27 1 Vanuatu 224 Isangel
98%
406.9919.19 56 Central African Republic 253 Kaga Bandoro
98%
33-8.7424.99 73 Democratic Republic of the Congo 224 Kamina
98%
31-10.2131.18 91 Zambia 288 Kasama
98%
65-6.4816.82 20 Democratic Republic of the Congo 230 Kasongo-Lunda
98%
18-3.98122.52 195 Indonesia 365 Kendari
98%
3316.62-11.4 40 Mauritania 230 Kiffa
98%
21-5.0418.82 186 Democratic Republic of the Congo 267 Kikwit
98%
1513.1632.66 345 Sudan 264 Kosti
98%
2951.7194.45 108 Russia 302 Kyzyl
98%
14-8.5119.89 188 Indonesia 374 Labuhanbajo
98%
3-16.5-68.15 1,890 Bolivia 1,078 La Paz
98%
2513.14123.73 179 Philippines 245 Legaspi
98%
7-13.9833.78 1,070 Malawi 515 Lilongwe
98%
033.99-118.18 17,600 United States 2,479 Los Angeles
98%
63-10.7122.22 18 Angola 231 Luau
98%
17-15.7246.32 154 Madagascar 376 Mahajanga
98%
3-5.14119.43 1,780 Indonesia 775 Makassar
98%
30-12.7845.23 54 France 345 Mamoudzou
98%
91.48124.85 451 Indonesia 513 Manado
98%
240.0518.26 184 Democratic Republic of the Congo 477 Mbandaka
98%
19-8.933.45 291 Tanzania 561 Mbeya
98%
43.5898.65 3,425 Indonesia 342 Medan
98%
125.67-100.33 4,650 Mexico 633 Monterrey
98%
5349.63100.16 27 Mongolia 292 Mörön
98%
32-20.2944.32 36 Madagascar 282 Morondava
98%
34-11.743.26 42 Comoros 245 Moroni
98%
055.7537.62 16,900 Russia 4,177 Moscow
98%
27-10.2740.18 96 Tanzania 301 Mtwara
98%
23-11.4734.02 175 Malawi 277 Mzuzu
98%
5-5.78-35.24 1,370 Brazil 256 Natal
98%
3016.62-7.25 60 Mauritania 369 Nema
98%
3156.67124.64 66 Russia 664 Neryungri
98%
9-38.95-68.06 242 Argentina 503 Neuquen
98%
23-23.36119.74 5 Australia 356 Newman
98%
3-22.28166.46 93 France 1,457 Noumea
98%
664.18-51.72 14 Denmark 1,437 Nuuk
98%
4560.37120.42 8 Russia 303 Olyokminsk
98%
154.9973.4 1,180 Russia 611 Omsk
98%
134.75135.46 17,800 Japan 404 Osaka
98%
1861.99-49.67 1 Denmark 240 Paamiut
98%
6-2.98104.75 1,690 Indonesia 421 Palembang
98%
15-0.89119.87 282 Indonesia 306 Palu
98%
2266.15-65.71 1 Canada 297 Pangnirtung
98%
60.56101.43 1,180 Indonesia 282 Pekanbaru
98%
453.04158.65 187 Russia 1,512 Petropavlovsk-Kamchatsky
98%
133.54-112.07 4,325 United States 568 Phoenix
98%
2037.73-25.67 20 Portugal 972 Ponta Delgada
98%
17-20.31118.61 15 Australia 1,021 Port Hedland
98%
5-17.73168.32 35 Vanuatu 539 Port Vila
98%
16-8.38-74.55 310 Peru 413 Pucallpa
98%
10-41.47-72.94 160 Chile 304 Puerto Montt
98%
4-53.15-70.91 117 Chile 847 Punta Arenas
98%
1260.72-46.03 3 Denmark 484 Qaqortoq
98%
20-17.8836.89 188 Mozambique 306 Quelimane
98%
3-0.21-78.5 2,550 Ecuador 272 Quito
98%
3562.82-92.08 2 Canada 853 Rankin Inlet
98%
1-22.93-43.23 12,700 Brazil 354 Rio de Janeiro
98%
279.1418.39 102 Chad 261 Sagh
98%
159.9430.32 5,450 Russia 635 Saint Petersburg
98%
515.21145.75 48 United States 2,039 Saipan
98%
3017.0254.09 163 Oman 598 Salalah
98%
240.78-111.93 2,300 United States 601 Salt Lake City
98%
2-12.97-38.48 3,650 Brazil 667 Salvador
98%
137.74-122.46 7,600 United States 567 San Francisco
98%
14-33.3-66.34 183 Argentina 236 San Luis
98%
22-36.62-64.28 111 Argentina 293 Santa Rosa
98%
4-2.52-44.27 1,410 Brazil 483 São Luís
98%
46-9.6620.39 40 Angola 361 Saurimo
98%
4141.7686.15 179 China 255 Sayibage
98%
147.57-122.34 4,075 United States 1,092 Seattle
98%
3-6.97110.42 2,050 Indonesia 259 Semarang
98%
5055.64109.32 25 Russia 255 Severobaikalsk
98%
21.29103.86 6,900 Singapore 316 Singapore
98%
666.94-53.67 5 Denmark 320 Sisimiut
98%
21-51.7-57.85 2 United Kingdom 726 Stanley
98%
32-7.9731.62 89 Tanzania 226 Sumbawanga
98%
0-33.92151.19 4,900 Australia 5,380 Sydney
98%
26-5.0232.83 145 Tanzania 276 Tabora
98%
9-36.72-73.12 252 Chile 415 Talcahuano
98%
9-38.74-72.6 238 Chile 228 Temuco
98%
180.79127.38 101 Indonesia 255 Ternate
98%
4016.77-3.01 32 Mali 282 Timbuktu
98%
035.69139.75 39,500 Japan 2,903 Tokyo
98%
5-19.27146.81 196 Australia 1,087 Townsville
98%
15-43.25-65.31 93 Argentina 338 Trelew
98%
6-8.12-79.03 747 Peru 483 Trujillo
98%
2451.83107.61 360 Russia 232 Ulan-Ude
98%
6947.7496.84 16 Mongolia 272 Uliastay
98%
5-54.8-68.3 58 Argentina 250 Ushuaia
98%
3556.79105.77 48 Russia 230 Ust'-Kut
98%
7260.35102.28 3 Russia 254 Vanavara
98%
27-40.81-63 48 Argentina 229 Viedma
98%
2-41.29174.78 381 New Zealand 490 Wellington
98%
19-12.1696.82 - Australia 985 West Island
98%
334.28108.89 6,650 China 565 Xi'an
98%
7161.28108.02 2 Russia 302 Yerbogachen
98%
2441.1180.27 340 China 364 Yingbazha
98%
18-25.1846.09 66 Madagascar 318 Ambovombe
97%
16-3.3736.68 341 Tanzania 230 Arusha
97%
344.7445.2 55 Somalia 248 Beledweyne
97%
204.5813.68 218 Cameroon 253 Bertoua
97%
911.86-15.6 388 Guinea-Bissau 331 Bissau
97%
1411.18-4.3 360 Burkina Faso 328 Bobo-Dioulasso
97%
127.69-5.03 567 Côte d'Ivoire 275 Bouake
97%
220.1429.29 154 Democratic Republic of the Congo 246 Butembo
97%
030.0531.25 16,800 Egypt 2,899 Cairo
97%
410.32123.9 2,275 Philippines 570 Cebu
97%
463.8547.18 26 Somalia 220 Ceeldheer
97%
199.711.67 237 Benin 277 Djougou
97%
8-33.86121.88 7 Australia 347 Esperance
97%
1656.73-111.38 76 Canada 377 Fort McMurray
97%
41-1.6313.58 42 Gabon 286 Franceville
97%
12-0.373.42 11 Maldives 494 Fuvahmulah
97%
37-0.4539.65 67 Kenya 293 Garissa
97%
159.313.4 436 Cameroon 282 Garoua
97%
2012.8711.05 125 Nigeria 246 Gashua
97%
242.7732.3 146 Uganda 243 Gulu
97%
292.7727.62 127 Democratic Republic of the Congo 345 Isiro
97%
121.5239.22 4,225 Saudi Arabia 847 Jeddah
97%
154.8531.58 300 South Sudan 513 Juba
97%
2516.15-13.5 55 Mauritania 263 Kaedi
97%
2010.39-9.31 114 Guinea 288 Kankan
97%
2214.45-11.44 78 Mali 251 Kayes
97%
13.17101.7 7,000 Malaysia 1,006 Kuala Lumpur
97%
90.399.45 578 Gabon 405 Libreville
97%
38-3.5223.6 68 Democratic Republic of the Congo 265 Lodja
97%
040.4-3.68 6,250 Spain 1,054 Madrid
97%
194.1773.51 103 Maldives 609 Male
97%
019.44-99.13 22,100 Mexico 11,319 Mexico City
97%
2314.48-4.18 108 Mali 366 Mopti
97%
55-1.8711.06 22 Gabon 242 Mouila
97%
258.5716.08 135 Chad 296 Moundou
97%
503.5239.05 34 Kenya 225 Moyale
97%
12-15.1239.27 388 Mozambique 462 Nampula
97%
63-1.45.63 4 Equatorial Guinea 227 Pale
97%
165.87-55.17 223 Suriname 346 Paramaribo
97%
115.3544.21 2,475 Yemen 861 Sana'a
97%
154.75-6.64 196 Côte d'Ivoire 236 San-Pedro
97%
280.346.73 53 São Tomé and Príncipe 256 Sao Tome
97%
159.4-0.84 360 Ghana 312 Tamale
97%
2213.77-13.67 78 Senegal 267 Tambacounda
97%
15-23.3543.67 115 Madagascar 409 Toliara
97%
1749.9782.61 319 Kazakhstan 385 Ust-Kamenogorsk
97%
471.7540.06 45 Kenya 247 Wajir
97%
3-35117.87 33 Australia 276 Albany
96%
0-33.9218.43 4,125 South Africa 1,261 Cape Town
96%
58.35-62.64 746 Venezuela 522 Ciudad Guayana
96%
36.9379.86 4,675 Sri Lanka 682 Colombo
96%
289.52138.12 7 Federated States of Micronesia 467 Colonia
96%
67.11125.63 1,340 Philippines 402 Davao
96%
13-8.56125.57 150 East Timor 280 Dili
96%
0-6.17106.83 28,100 Indonesia 3,319 Jakarta
96%
4-30.75121.47 31 Australia 542 Kalgoorlie
96%
24-2.9425.92 135 Democratic Republic of the Congo 328 Kindu
96%
110.5225.19 539 Democratic Republic of the Congo 606 Kisangani
96%
16-0.3642.55 234 Somalia 408 Kismayo
96%
307.34134.47 14 Palau 876 Koror State
96%
7-10.17123.61 282 Indonesia 722 Kupang
96%
131.5674.35 10,200 Pakistan 423 Lahore
96%
2-11.6827.48 1,870 Democratic Republic of the Congo 422 Lubumbashi
96%
3-6.1523.6 1,860 Democratic Republic of the Congo 745 Mbuji-Mayi
96%
14-2.5232.9 436 Tanzania 315 Mwanza
96%
713.522.12 1,120 Niger 414 Niamey
96%
2120.93-17.03 72 Mauritania 324 Nouadhibou
96%
9-4.7811.86 659 Republic of the Congo 383 Pointe-Noire
96%
1113.065.24 563 Nigeria 342 Sokoto
96%
545.33132.22 - Palau 274 Sonsorol Village
96%
1-7.25112.75 4,700 Indonesia 573 Surabaya
96%
325.04121.57 9,050 Taiwan 358 Taipei
96%
22-4.6255.45 22 Seychelles 1,085 Victoria
96%
230.58114.27 8,000 China 567 Wuhan
96%
416.7896.17 5,150 Myanmar 575 Yangon
96%
1-18.9247.52 2,225 Madagascar 1,610 Antananarivo
95%
17-12.2849.29 82 Madagascar 497 Antsiranana
95%
64.3718.56 1,060 Central African Republic 783 Bangui
95%
039.93116.39 21,100 China 958 Beijing
95%
39-1.18136.08 4 Indonesia 225 Biak
95%
0-34.6-58.4 15,800 Argentina 1,674 Buenos Aires
95%
329.56106.59 7,050 China 272 Chongqing
95%
028.6777.23 26,400 India 3,654 Delhi
95%
1-29.8730.98 3,225 South Africa 501 Durban
95%
389.77140.52 - Federated States of Micronesia 264 Fais
95%
49-18.22127.67 1 Australia 294 Halls Creek
95%
1-17.8231.04 2,325 Zimbabwe 975 Harare
95%
117.478.48 9,000 India 500 Hyderabad
95%
0-26.1728.03 13,400 South Africa 4,483 Johannesburg
95%
6-1.9530.06 1,000 Rwanda 376 Kigali
95%
156.0192.87 1,090 Russia 634 Krasnoyarsk
95%
34-15.78128.74 5 Australia 405 Kununurra
95%
429.3747.98 4,150 Kuwait 537 Kuwait City
95%
0-12.05-77.05 9,950 Peru 3,130 Lima
95%
2-15.4228.28 2,275 Zambia 396 Lusaka
95%
100.04-51.07 338 Brazil 329 Macapa
95%
25-16.1749.77 41 Madagascar 222 Mananara
95%
19-0.87134.08 53 Indonesia 314 Manokwari
95%
2-25.9632.59 2,200 Mozambique 456 Maputo
95%
56.31-10.8 1,340 Liberia 359 Monrovia
95%
412.1115.05 1,210 Chad 710 N'Djamena
95%
318.09-15.98 1,060 Mauritania 405 Nouakchott
95%
3-21.14-175.2 22 Tonga 744 Nuku'alofa
95%
312.37-1.52 2,100 Burkina Faso 628 Ouagadougou
95%
44.817.01 2,075 Nigeria 310 Port Harcourt
95%
0-33.45-70.67 7,050 Chile 1,139 Santiago
95%
533131.12 - Palau 373 Tobi Village
95%
143.8187.58 3,625 China 1,692 Ürümqi
95%
224.45118.08 10,000 China 505 Xiamen
95%
29.087.53 2,825 Nigeria 340 Abuja
94%
15.55-0.22 4,575 Ghana 411 Accra
94%
041.83-87.75 9,800 United States 1,158 Chicago
94%
24.069.71 2,825 Cameroon 605 Douala
94%
7-28.78114.61 26 Australia 371 Geraldton
94%
3758.52-117.14 3 Canada 252 High Level
94%
210.78106.7 8,250 Vietnam 748 Ho Chi Minh City
94%
11-15.52167.16 13 Vanuatu 274 Luganville
94%
014.6120.98 23,300 Philippines 1,242 Manila
94%
22.0745.37 1,720 Somalia 1,021 Mogadishu
94%
019.0272.86 23,200 India 887 Mumbai
94%
11-0.88131.26 125 Indonesia 462 Sorong
94%
4-43.95-176.56 - New Zealand 684 Waitangi
94%
310.96-74.8 2,000 Colombia 344 Barranquilla
93%
1-1.45-48.48 2,150 Brazil 1,129 Belém
93%
23.4-76.5 2,925 Colombia 299 Cali
93%
1-3.75-38.58 3,575 Brazil 627 Fortaleza
93%
3258.81-122.7 4 Canada 305 Fort Nelson
93%
1-3.1-60 2,075 Brazil 1,294 Manaus
93%
16.28-75.58 3,800 Colombia 248 Medellín
93%
025.79-80.22 6,100 United States 1,484 Miami
93%
3-4.0439.69 1,120 Kenya 308 Mombasa
93%
53.91-159.39 - Kiribati 297 Napari Village
93%
0-31.96115.84 2,075 Australia 2,729 Perth
93%
1-8.08-34.92 3,775 Brazil 1,630 Recife
93%
037.57127 24,400 South Korea 870 Seoul
93%
031.22121.44 30,900 China 1,201 Shanghai
93%
42.02-157.49 1 Kiribati 1,895 Tabwakea Village
93%
15.32-4.04 5,050 Côte d'Ivoire 832 Abidjan
92%
12-19.06-169.92 - New Zealand 430 Alofi
92%
133.3444.39 6,850 Iraq 695 Baghdad
92%
112.65-8 2,950 Mali 920 Bamako
92%
04.6-74.08 9,350 Colombia 1,869 Bogotá
92%
19.53-13.68 2,225 Guinea 706 Conakry
92%
4060-111.89 2 Canada 234 Fort Smith
92%
119.73-155.09 43 United States 337 Hilo
92%
021.31-157.86 1,000 United States 3,852 Honolulu
92%
041.129.01 14,300 Turkey 1,243 Istanbul
92%
1128.52 4,125 Nigeria 833 Kano
92%
110.73-71.66 2,475 Venezuela 519 Maracaibo
92%
0-37.82144.98 4,400 Australia 708 Melbourne
92%
140.8414.25 4,250 Italy 657 Naples
92%
6-18.65-173.98 4 Tonga 303 Neiafu
92%
0-23.56-46.63 21,800 Brazil 7,423 São Paulo
92%
2464.06-139.43 1 Canada 284 Dawson City
91%
30-3.84-32.41 3 Brazil 370 Fernando de Noronha (Distrito Estadual)
91%
958.3-134.42 31 United States 872 Juneau
91%
06.443.39 17,100 Nigeria 6,366 Lagos
91%
2965.28-126.83 1 Canada 432 Norman Wells
91%
1-18.14178.44 77 Fiji 1,332 Suva
91%
3060.06-128.71 1 Canada 357 Watson Lake
91%
36-12.62141.88 2 Australia 418 Weipa
91%
0-36.85174.76 1,470 New Zealand 2,161 Auckland
90%
013.75100.52 16,900 Thailand 1,533 Bangkok
90%
123.7290.41 17,600 Bangladesh 1,425 Dhaka
90%
1468.35-133.72 3 Canada 709 Inuvik
90%
10.3232.58 3,025 Uganda 503 Kampala
90%
1057.79-152.41 6 United States 299 Kodiak
90%
122.4988.32 16,000 India 253 Kolkata
90%
2567.83-115.1 1 Canada 599 Kugluktuk
90%
1160.72-135.05 23 Canada 271 Whitehorse
90%
010.5-66.92 3,700 Venezuela 1,025 Caracas
89%
18-9.08143.21 15 Papua New Guinea 324 Daru
89%
464.84-147.72 31 United States 418 Fairbanks
89%
30-10.45161.92 1 Solomon Islands 229 Kirakira
89%
4655.4578.32 48 Russia 296 Kuybyshev
89%
33-10.72165.83 - Solomon Islands 396 Lata
89%
38-12.19136.78 3 Australia 550 Nhulunbuy
89%
035.6751.42 13,700 Iran 1,913 Tehran
89%
1962.46-114.35 15 Canada 659 Yellowknife
89%
18-10.32150.46 10 Papua New Guinea 298 Alotau
88%
032.82-96.84 6,550 United States 1,282 Dallas
88%
18-8.1156.84 6 Solomon Islands 253 Gizo
88%
12-5.55150.14 18 Papua New Guinea 269 Kimbe
88%
0-1.2836.82 5,200 Kenya 667 Nairobi
88%
914.93-23.51 113 Cape Verde 650 Praia
88%
261.22-149.9 291 United States 2,134 Anchorage
87%
1016.89-24.98 70 Cape Verde 267 Mindelo
87%
3-6.21155.54 40 Papua New Guinea 603 Arawa
86%
18-16.659.66 - Mauritius 431 Cargados Carajos
86%
2-9.43159.95 56 Solomon Islands 1,402 Honiara
86%
5058.3182.91 27 Russia 224 Kolpashevo
86%
2-6.72146.98 76 Papua New Guinea 301 Lae
86%
1-8.8413.23 6,800 Angola 549 Luanda
86%
1-9.44147.18 283 Papua New Guinea 2,086 Port Moresby
86%
5-20.8855.45 137 France 228 Saint-Denis
86%
6561.6896.38 3 Russia 231 Baykit
85%
2758.2492.48 65 Russia 229 Lesosibirsk
85%
1452.2777 329 Kazakhstan 382 Pavlodar
85%
3-20.1657.5 155 Mauritius 880 Port Louis
85%
118.47-69.9 3,650 Dominican Republic 938 Santo Domingo
85%
130.67104.07 9,600 China 1,240 Chengdu
84%
1159.04-158.46 2 United States 268 Dillingham
84%
1266.32-179.12 2 Russia 235 Egvekinot
84%
2161.53-166.1 1 United States 247 Hooper Bay
84%
32-14.47132.26 5 Australia 259 Katherine
84%
966.9-162.6 3 United States 296 Kotzebue
84%
2462.54113.96 40 Russia 787 Mirny
84%
964.5-165.41 3 United States 453 Nome
84%
964.42-173.23 2 Russia 376 Provideniya
84%
1555.34-160.5 - United States 364 Sand Point
84%
5364.28100.22 5 Russia 559 Tura
84%
571.29-156.79 4 United States 807 Barrow
83%
560.79-161.76 6 United States 573 Bethel
83%
033.6-7.62 4,175 Morocco 831 Casablanca
83%
553.89-166.54 4 United States 820 Dutch Harbor
83%
970.22-150.98 3 United States 244 Nuiqsut
83%
036.763.05 3,675 Algeria 518 Algiers
82%
968.05166.44 5 Russia 616 Bilibino
82%
1568.75161.33 3 Russia 223 Cherskiy
82%
014.72-17.47 3,300 Senegal 1,800 Dakar
82%
023.14113.33 47,700 China --- Guangzhou
82%
0-4.3315.31 10,600 Democratic Republic of the Congo 1,781 Kinshasa
82%
3863.28118.33 9 Russia 237 Nyurba
82%
769.7170.3 4 Russia 240 Pevek
82%
464.73177.51 10 Russia 1,492 Anadyr
81%
09.0338.7 3,475 Ethiopia 987 Addis Ababa
80%
3365.93111.48 15 Russia 397 Aykhal
80%
0-27.46153.04 2,900 Australia 738 Brisbane
80%
024.8766.99 24,300 Pakistan 1,101 Karachi
80%
4968.5112.45 2 Russia 231 Olenyok
80%
25-5.62132.79 39 Indonesia 391 Tual
80%
0-6.839.27 5,300 Tanzania 2,453 Dar es Salaam
79%
26-6.12141.29 11 Papua New Guinea 261 Kiunga
79%
118.44-66.13 2,150 United States 398 San Juan
78%
16-3.55143.63 18 Papua New Guinea 263 Wewak
78%
4766.77123.37 3 Russia 321 Zhigansk
78%
112.9777.56 10,500 India 837 Bangalore
77%
113.0980.28 10,000 India 295 Chennai
77%
5473.5180.53 1 Russia 499 Dikson
77%
015.5932.53 5,550 Sudan 1,606 Khartoum
77%
23-2.02147.27 5 Papua New Guinea 390 Lorengau
77%
1965.61-37.64 1 Denmark 662 Tasiilaq
77%
16-0.53166.91 2 Nauru 700 Arijejen
76%
12-2.57150.8 14 Papua New Guinea 255 Kavieng
76%
2668.63-95.88 1 Canada 670 Gjoa Haven
75%
19-3.36135.5 43 Indonesia 317 Nabire
75%
769.3588.2 140 Russia 1,082 Noril'sk
74%
1270.47-68.59 1 Canada 496 Clyde River
73%
569.22-51.1 4 Denmark 275 Ilulissat
73%
126.96158.21 6 Federated States of Micronesia 561 Kolonia
72%
972.79-56.15 1 Denmark 274 Upernavik
72%
12-8.54-172.52 - New Zealand 543 Atafu Village
71%
8-8.52179.19 4 Tuvalu 873 Funafuti
71%
12-15.95-173.8 - Tonga 284 Hihifo
71%
3871.98102.47 3 Russia 586 Khatanga
71%
10-13.28-176.17 1 France 383 Mata-Utu
71%
024.6446.77 6,700 Saudi Arabia 991 Riyadh
71%
13-14.29-178.17 - France 242 Sigave
71%
65.32163.01 9 Federated States of Micronesia 647 Tofol
71%
8-5.86144.23 33 Papua New Guinea 319 Mount Hagen
70%
6-4.35152.26 26 Papua New Guinea 417 Kokopo
69%
3059.36143.21 5 Russia 430 Okhotsk
68%
2062.78148.15 7 Russia 314 Susuman
68%
2064.57143.24 9 Russia 682 Ust-Nera
68%
57.45151.85 13 Federated States of Micronesia 1,016 Weno
68%
3278.2215.65 2 Norway 860 Longyearbyen
66%
4171.96114.09 1 Russia 390 Saskylakh
65%
7-12.46130.84 129 Australia 720 Darwin
63%
15-15.94-5.72 - United Kingdom 1,917 Jamestown
63%
11-19.6863.42 6 Mauritius 596 Port Mathurin
63%
17-7.93-14.42 - United Kingdom 1,296 Georgetown
62%
562.03129.73 235 Russia 1,353 Yakutsk
62%
453.7687.11 539 Russia 226 Novokuznetsk
60%
859.56150.8 95 Russia 872 Magadan
59%
3167.66134.64 4 Russia 502 Batagay
56%
5-22.45-151.34 1 France 553 Moerai
56%
2071.69128.86 5 Russia 875 Tiksi
52%
3-16.51-151.75 4 France 256 Vaitape
52%
055.0382.96 1,650 Russia 1,291 Novosibirsk
51%
0-13.83-171.77 40 Samoa 1,151 Apia
50%
115.92169.64 1 Marshall Islands 231 Jabor
50%
109.45170.24 - Marshall Islands 284 Wotje
50%
1256.32160.85 10 Russia 382 Klyuchi
49%
1962.52155.79 4 Russia 359 Omsukchan
49%
1859.08159.96 3 Russia 312 Palana
49%
3268.54146.19 2 Russia 241 Belaya Gora
47%
2370.62147.9 2 Russia 336 Chokurdakh
47%
2569.31139.98 3 Russia 285 Deputatsky
47%
1867.46153.7 3 Russia 228 Srednekolymsk
45%
1965.73150.89 3 Russia 355 Zyryanka
45%
3-2.53140.72 134 Indonesia 1,046 Jayapura
35%
01.33172.98 40 Kiribati 1,871 Tarawa
30%
18.77167.74 15 Marshall Islands 442 Ebaye
29%
6-25.07-130.1 - United Kingdom 539 Adamstown
28%
07.09171.38 25 Marshall Islands 661 Majuro
28%
7-54.28-36.51 - United Kingdom 1,455 Grytviken
24%
0-37.07-12.31 - United Kingdom 2,429 Edinburgh of the Seven Seas
20%
1-9.8-139.03 1 France 1,401 Atuona
16%
0-17.55-149.6 29 France 2,409 Faaa
16%
0-27.11-109.35 4 Chile 3,530 Hanga Roa
16%
1-23.12-134.97 1 France 1,536 Rikitea
16%
0-77.85166.68 1 United States 3,482 McMurdo Station
14%
0-49.3570.22 - France 3,345 Port-aux-Francais
13%
0-21.21-159.78 13 New Zealand 1,139 Avarua
11%

Score Distribution

Percentile by Number Answered

Percent of People with Each Score

Your Score History

You have not taken this quiz